All DELTARUNE Enemies - Ch.1 - 4 - Statistics

General Stats
  • This quiz has been taken 266 times
  • The average score is 31 of 60
Answer Stats
Hint Answer % Correct
Chapter 1 King
93%
Chapter 1 Lancer
93%
Chapter 2 Queen
91%
Chapter 1 Jevil
87%
Chapter 3 Tenna
87%
Chapter 2 Spamton
85%
Chapter 3 The Roaring Knight
82%
Chapter 1 Susie
76%
Chapter 4 Gerson, the Hammer of Justice
75%
Chapter 1 Hathy
75%
Chapter 4 The Titan
73%
Chapter 1 Rudinn
71%
Chapter 2 Spamton NEO
71%
Chapter 1 Clover
69%
Chapter 3 Lanino
67%
Chapter 3 Elnina
66%
Chapter 2 Tasque
66%
Chapter 3 Shadowguy
65%
Chapter 2 Werewire
65%
Chapter 1 Head Hathy
64%
Chapter 3 Pippin
64%
Chapter 2 Berdly
63%
Chapter 2 Tasque Manager
62%
Chapter 2 Werewerewire
60%
Chapter 1 Rudinn Ranger
59%
Chapter 2 Rouxls Kaard
55%
Chapter 3 Mike
54%
Chapter 1 C. Round / K. Round
52%
Chapter 1 Bloxer
51%
Chapter 2 Virovirokun
50%
Chapter 4 Spawn
48%
Chapter 3 Eram
47%
Chapter 2 Maus
47%
Chapter 1 Jigsawry
45%
Chapter 3 Watercooler
45%
Chapter 2 Poppup
43%
Chapter 2 Mauswheel
42%
Chapter 4 Jackenstein
41%
Chapter 1 Rabbick
41%
Chapter 2 Ambyu-Lance
39%
Chapter 2 Swatchling
38%
Chapter 4 Guei
37%
Chapter 3 Zapper
37%
Chapter 4 Mizzle
36%
Chapter 4 Miss Mizzle
35%
Chapter 2 Sweet
35%
Chapter 2 Cap'n
34%
Castle Town Dummy
34%
Chapter 3 Shuttah
34%
Chapter 2 K_K
33%
Chapter 1 Ponman
32%
Chapter 3 Ribbick
30%
Castle Town Jigsaw Joe
27%
Chapter 4 The Sound of Justice (Gerson Statue)
26%
Chapter 4 Wicabel
26%
Chapter 4 Bibliox
25%
Chapter 4 Balthizard
24%
Chapter 2 Pipis
23%
Chapter 4 Winglade
21%
Chapter 4 Organikk
18%
No matching quizzes found
Score Distribution
Percent of People with Each Score
Percentile by Number Answered
Your Score History
You have not taken this quiz